|
|
|
|
| LEADER |
00000cas a2200000 c 4500 |
| 001 |
727021478 |
| 003 |
DE-627 |
| 005 |
20250307102014.0 |
| 007 |
tu |
| 008 |
121008c20129999gw z| m| 0 |0ger c |
| 015 |
|
|
|a 13,A01
|2 dnb
|
| 016 |
7 |
|
|a 1026659469
|2 DE-101
|
| 016 |
7 |
|
|a 2685295-0
|2 DE-600
|
| 022 |
|
|
|a 2702-9166
|
| 035 |
|
|
|a (DE-627)727021478
|
| 035 |
|
|
|a (DE-576)372023088
|
| 035 |
|
|
|a (DE-599)ZDB2685295-0
|
| 035 |
|
|
|a (OCoLC)816180336
|
| 040 |
|
|
|a DE-627
|b ger
|c DE-627
|e rakwb
|
| 041 |
|
|
|a ger
|a eng
|
| 044 |
|
|
|c XA-DE
|
| 082 |
0 |
4 |
|a 900
|q DE-101
|
| 082 |
0 |
4 |
|a 050
|q DE-600
|
| 222 |
|
0 |
|a Erinnerungskulturen
|
| 245 |
0 |
0 |
|a Erinnerungskulturen
|b = Memory cultures
|
| 246 |
3 |
1 |
|a Memory cultures
|
| 246 |
3 |
3 |
|a Memory cultures
|
| 264 |
3 |
1 |
|a Bielefeld
|b Transcript
|c 2012-
|
| 300 |
|
|
|c 23 cm
|
| 336 |
|
|
|a Text
|b txt
|2 rdacontent
|
| 337 |
|
|
|a ohne Hilfsmittel zu benutzen
|b n
|2 rdamedia
|
| 338 |
|
|
|a Band
|b nc
|2 rdacarrier
|
| 362 |
0 |
|
|a 1.2012 -
|
| 363 |
0 |
1 |
|a 1
|i 2012
|
| 515 |
|
|
|a Ersch. unregelmäßig
|
| 655 |
|
7 |
|a Monografische Reihe
|0 (DE-588)4179998-7
|0 (DE-627)104628669
|0 (DE-576)209995106
|2 gnd-content
|
| 776 |
1 |
|
|x 2702-9174
|
| 776 |
0 |
8 |
|i Erscheint auch als
|n Online-Ausgabe
|t Erinnerungskulturen
|d Bielefeld : Transcript, 2012
|w (DE-627)81930932X
|w (DE-600)2813127-7
|w (DE-576)42764688X
|x 2702-9174
|k Electronic
|
| 889 |
|
|
|w (DE-603)309787335
|
| 889 |
|
|
|w (DE-627)1768451516
|
| 951 |
|
|
|a ST
|
| ELC |
|
|
|b 1
|
| ORI |
|
|
|a SA-MARC-ixtheo_ob001.raw
|
| REL |
|
|
|a 1
|
| SPR |
|
|
|a 1
|t IXT
|t REL
|
| SUB |
|
|
|a REL
|